| 000 | 00988cam a2200289 4500 | ||
|---|---|---|---|
| 008 | 000000n2001 000 0 eng u | ||
| 020 | _a0117026212 | ||
| 035 | _a(Sirsi) u111090 | ||
| 050 | _a346.41036 | ||
| 100 | _aLorton, Roger | ||
| 245 | _aA-Z of neighbourhood law. | ||
| 260 |
_aLondon _bStationery Office _c2001 |
||
| 300 | _axiv, 153p. ; 22cm. | ||
| 350 | _a19.95 | ||
| 520 | _aA-Z of Neighbourhood Law is organised in an easy-to-use dictionary format to provide a reference to the legal rights, duties and prohibitions affecting urban life in England and Wales. Issues covered include, anti-social behaviour, boundary disputes and planning permission. | ||
| 650 | _aANTI-SOCIAL BEHAVIOUR | ||
| 650 | _aNEIGHBOUR DISPUTES | ||
| 650 | _aNOISE POLLUTION | ||
| 650 | _aPETS | ||
| 650 |
_aBoundary disputes _96221 |
||
| 650 | _aPARKING | ||
| 650 | _aCOMMON LAND | ||
| 650 | _aPOLLUTION | ||
| 650 | _aLANDLORD AND TENANT LAW | ||
| 690 | _aLAW-UK | ||
| 942 | _n0 | ||
| 999 |
_c101198 _d101198 |
||